Manual of Alternate Dispute Resolution Laws (A.D.R) with All Amendments and Up to Date Case Laws / (Record no. 613964)
[ view plain ]
| 000 -LEADER | |
|---|---|
| fixed length control field | 00401nam a22001217a 4500 |
| 082 ## - DEWEY DECIMAL CLASSIFICATION NUMBER | |
| Classification number | 346.04 |
| Author Mark | SHE |
| 100 ## - MAIN ENTRY--PERSONAL NAME | |
| Personal name | Sherazi, Syed Muhammad Aala |
| 245 ## - TITLE STATEMENT | |
| Title | Manual of Alternate Dispute Resolution Laws (A.D.R) with All Amendments and Up to Date Case Laws / |
| Statement of responsibility, etc. | Syed Muhammad Aala Sherazi |
| 260 ## - PUBLICATION, DISTRIBUTION, ETC. | |
| Place of publication, distribution, etc. | Lahore: |
| Name of publisher, distributor, etc. | Imran Law Book House, |
| Date of publication, distribution, etc. | 2023. |
| 300 ## - PHYSICAL DESCRIPTION | |
| Extent | 405 p. |
| 563 ## - BINDING INFORMATION | |
| Binding note | HB. |
| 942 ## - ADDED ENTRY ELEMENTS (KOHA) | |
| Source of classification or shelving scheme | |
| Koha item type | Book |
| Withdrawn status | Lost status | Source of classification or shelving scheme | Damaged status | Not for loan | Permanent Location | Current Location | Date acquired | Total Checkouts | Full call number | Barcode | Date last seen | Price effective from | Koha item type |
|---|---|---|---|---|---|---|---|---|---|---|---|---|---|
| NUST Law School (NLS) | NUST Law School (NLS) | 06/28/2025 | 346.04 SHE | NLS-2525 | 06/28/2025 | 06/28/2025 | Book | ||||||
| NUST Law School (NLS) | NUST Law School (NLS) | 06/28/2025 | 346.04 SHE | NLS-2526 | 06/28/2025 | 06/28/2025 | Book | ||||||
| NUST Law School (NLS) | NUST Law School (NLS) | 06/28/2025 | 346.04 SHE | NLS-2527 | 06/28/2025 | 06/28/2025 | Book |
